Close to the Edge: Excavations of Five Cornish Coastal Barrows

محفوظ في:

المؤلف الرئيسي: Jones, Andy M. (مؤلف)

التنسيق: كتاب

منشور في: Oxford Archaeopress Publishing Ltd 2024

الوسوم: إضافة وسم

لا توجد وسوم, كن أول من يضع وسما على هذه التسجيلة!

رقم الطلب:

LEADER 00699namaa2200181 4500
001 9781803278155
003 UkOxAP
005 20260405155015.0
020 |a 9781803278162 
776 1 |x 9781803278155 
245 0 0 |a Close to the Edge: Excavations of Five Cornish Coastal Barrows 
100 1 |a Jones, Andy M.  |e Author  |l English 
700 1 |a Jones, Andy M.  |e Author  |l English 
856 4 2 |a http://library.arce.org:8087/Archaeopress/Products/9781803278162 
260 |a Oxford  |b Archaeopress Publishing Ltd  |c 2024 
270 |a Archaeopress Publishing Ltd, Summertown Pavillion, 18 -24 Middle Way, Summertown  |b Oxford  |d United Kingdom  |e OX2 7LG  |k 44-1865-311914  |m info@archaeopress.com 
942 |2 lcc  |c EBOOK 
999 |c 62046  |d 62046